Mariánske pútnické miesta Prešovskej archieparchie

Bibliographic Details
Main Author: Dancák, František, 1939-2018 (Author)
Format: Book
Language:Slovak
PhysicalDescription:96 s. fotogr. 21 cm
Published: Prešov Petra 2013
ISBN:9788080990664
Edition:2. upr. a dopl. vyd.
Subjects:

MARC

LEADER 00000cam a2200000 a 4500
001 vtls010510949
003 SK-MaSNL
005 20260426002921.0
008 240314s2013 xo oc f an 000 0 slo
015 |a SNBA2014/03 
020 |a 9788080990664  |q (viaz.) 
035 |a urn:nbn:sk:snk-am00a0s1 
035 |a urn:nbn:sk:snk-am3hchc 
035 |a FBA4D552-2C80-4CDC-801E-31FE6D72D260 
040 |a SNK  |b slo  |c SNK  |e AACR2 
041 0 |a slo  |b ukr  |b pol  |b fre  |b eng  |b hun 
044 |a xo  |c SK 
072 7 |a 27  |x Kresťanstvo. Kresťanská cirkev všeobecne. Ekleziológia  |2 konspekt 
080 |a 726.5:27-567-312.47  |2 2001 
080 |a 272-528.8  |2 2001 
080 |a (437.6-11)  |2 2001 
080 |a (048.8)  |2 2001 
080 |a (084.12)  |2 2001 
080 |a 27-312.47-587.5  |2 2001 
100 1 |a Dancák, František,  |d 1939-2018  |4 aut  |9 99141 
245 1 0 |a Mariánske pútnické miesta Prešovskej archieparchie  |c František Dancák 
250 |a 2. upr. a dopl. vyd. 
260 |a Prešov  |b Petra  |c 2013 
300 |a 96 s.  |b fotogr.  |c 21 cm 
504 |a Bibliogr.: s. 91-93 ; bibliogr. odkazy 
546 |a Res. angl., franc., maď., poľ. a ukr. 
610 2 7 |a Gréckokatolícka cirkev.  |b Prešovská archieparchia  |2 SNKKA 
650 0 7 |a mariánske pútnické miesta  |2 SNKPH  |9 74757 
650 0 7 |a gréckokatolícke cirkvi  |2 SNKPH  |9 75809 
650 0 7 |a mariánske zjavenia  |2 SNKPH  |9 68936 
650 0 7 |a Marian pilgrimage places  |2 SNKPHeng  |9 315633 
650 0 7 |a Apparitions of Mary  |2 SNKPHeng  |9 318363 
650 0 7 |a Greek Catholic churches  |2 SNKPHeng  |9 329713 
651 7 |a Slovensko východné  |2 SNKPH  |9 161134 
651 7 |a Prešov (Slovensko)  |2 SNKPH  |9 17347 
655 7 |a prehľady  |2 SNKPH  |9 70194 
655 7 |a fotografické publikácie  |2 SNKPH  |9 70483 
655 7 |a Surveys  |2 SNKPHeng  |9 266058 
655 7 |a Photographical works  |2 SNKPHeng  |9 278887 
919 |a 978-80-8099-066-4 
958 |a NB 
958 |a NT 
999 |c 930684  |d 932614 
952 |a SNK  |b SNK  |y PREZ  |7 0  |p 17A1104916  |o snkSC 158357  |i snk2014/5552  |8 0  |0 0  |1 0  |4 0  |d 2014-02-26  |f 1  |l 0  |r 2025-08-20 00:00:00  |w 2026-02-24 
952 |a SNK  |b SNK  |y VYP  |7 0  |p 17A1104917  |o snkSC 158357 D1  |i snk2014/5553  |8 0  |0 0  |1 0  |4 0  |d 2014-02-26  |l 0  |r 2026-02-24 08:47:07  |w 2026-02-24